000 00488nam a2200169 i 4500
001 bg
100 1 _aDAJEWSKA, Czesława
245 0 _aJęzyk rosyjski dla fizyków z ćwiczeniami do laboratorium językowego /
_cCzesława Dajewska, Witold J. Dajewski.
250 _aWyd.3 rozsz. i popr.
260 _aKatowice,
_c1981.
700 1 _aDAJEWSKI, Witold J.
040 _cBPK
041 _apol
080 _a808.2:53](075.8)
942 _cKS
008 s pl f |000 0 pol
999 _c19952
_d19952
856 _uhttp://koha.tu.koszalin.pl/cgi-bin/koha/opac-detail.pl?biblionumber=19952
_yKatalog online BPK